Manual de técnicas gráficas para arquitectos, diseñadores y artistas /

Contiene: Planta; Alzado; Sección; Axonometría e ixonometría; Perpsectiva.

-д хадгалсан:
Номзүйн дэлгэрэнгүй
Үндсэн зохиолч: Porter, Tom (autor)
Бусад зохиолчид: Goodman, Sue (autor) (autor)
Формат: Ном
Хэл сонгох:испани
Нөхцлүүд:
Шошгууд: Шошго нэмэх
Шошго байхгүй, Энэхүү баримтыг шошголох эхний хүн болох!

MARC

LEADER 00000nam^a2200000^a^4500
001 000038976
005 20250521000000.0
009 20260310085526.425
020 |a 84-252-1267-7 
037 |a Acervo ITESO - Biblioteca 
041 |a ESP 
082 |a 720. 28  |b POR V. 4 
100 |a Porter, Tom  |e (autor) 
245 1 0 |a Manual de técnicas gráficas para arquitectos, diseñadores y artistas /  |c T. Porter, S. Goodman ; tr. por: Santiago Castán. 
264 |a Barcelona, España :  |b Gustavo Gili,  |c 1986 
300 |a 4 v. 
336 |a texto  |b txt  |2 rdacontenido 
337 |a sin mediación  |b n  |2 rdamedio 
338 |a volumen  |b nc  |2 rdasoporte 
500 |a Traducción de: Manual of graphic techniques for Architects, Graphic Designers and Artists 
520 |a Contiene: Planta; Alzado; Sección; Axonometría e ixonometría; Perpsectiva. 
649 |a XX 
650 |a Arquitectura 
650 |a Representación Arquitectónica 
650 |a Proyección 
650 |a Perspectiva 
700 |a Goodman, Sue  |e (autor) 
910 |a Fondo General 
920 |a Impresos - Libros 
930 |a Colección General 
905 |a 101 
901 |a 0389760100  |b IT1  |c ACC  |i 038976  |u 20250521 
902 |a https://opac.biblio.iteso.mx/vufind/Record/000038976